| 000 | 02283cam a22005534i 4500 | ||
|---|---|---|---|
| 003 | PE-LiUPU | ||
| 005 | 20250731165444.0 | ||
| 008 | 161010s2011 r 000 0 spa d | ||
| 020 |
_a8467035854 _q(volumen 6) |
||
| 020 |
_a8467002166 _q(volumen 7) |
||
| 035 | _a(Sirsi) a164088 | ||
| 040 |
_aPE-LiUPU _bspa _cPE-LiUPU _erda |
||
| 049 | _aPRUA | ||
| 082 | 0 | 4 |
_a465 _bM22 _221 |
| 100 | 1 |
_aSeco, Manue, _eautor. |
|
| 245 | 1 | 0 |
_aGramática esencial del español / _cManuel Seco. |
| 264 | 1 |
_aMadrid : _bEspasa, _c2011. |
|
| 300 |
_a420 páginas ; _c19 centímetros. |
||
| 336 |
_atext _2rdacontent |
||
| 337 |
_aunmediated _2rdamedia |
||
| 338 |
_avolume _2rdacarrier |
||
| 490 | 0 | _aGramáticas | |
| 504 | _aBibliografía: páginas 261-278. | ||
| 505 | 0 |
_gVolumen 6. _I. La lengua -- Ii. Los sinidos -- III. Las fraces y las palabras -- IV El uso . |
|
| 505 | 0 |
_gVolumen 7. _ III. Las fraces y las palabras (continuación) -- IV. El uso. |
|
| 526 | _aSEG44 | ||
| 526 | _aSEG26 | ||
| 526 | _aP151 | ||
| 526 | _aP150 | ||
| 526 | _aP149 | ||
| 526 | _aP146 | ||
| 526 | _aP145 | ||
| 526 | _aP126 | ||
| 526 | _aP125 | ||
| 526 | _aP92 | ||
| 526 | _aP75 | ||
| 526 | _aP74 | ||
| 526 | _aP27 | ||
| 526 | _aP15 | ||
| 650 | 7 | _aGramática Española. | |
| 910 |
_ajck _bjos _cjck _d20161010 |
||
| 942 |
_2ddc _cBOOK |
||
| 949 |
_aRC 465 M22 _wDEWEY _c1 _i75014 _lCATALOGING _mBUL _p50.00 _r0 _sY _tBOOK _u2016-10-10 _xEDUCACION _zEDUCACION _0COMPRA _o.CIRCNOTE. El documento es de alto precio. _o.STAFF. Colección Ciencias Humanas y Educación |
||
| 949 |
_aRC 465 M22 _wDEWEY _c1 _i75015 _lCATALOGING _mBUL _p50.00 _r0 _sY _tBOOK _u2016-10-10 _xEDUCACION _zEDUCACION _0COMPRA _o.CIRCNOTE. El documento es de alto precio. _o.STAFF. Colección Ciencias Humanas y Educación |
||
| 596 | _a1 | ||
| 999 |
_aRC 465 M22 _wDEWEY _c12945 _i75014 _f2021-11-9 _g5 _lCCODEBUL1 _mBUL _p50.00 _r0 _sY _tBOOK _u2016-10-10 _xEDUCACION _PP14 _0DONACION _o.STAFF. Colección Ciencias Humanas y Educación _d12945 |
||
| 999 |
_aRC 465 M22 _wDEWEY _c2 _i75015 _f2021-11-9 _g5 _lCCODEBUL1 _mBUL _p50.00 _r0 _sY _tBOOK _u2016-10-10 _xEDUCACION _PP14 _0DONACION _o.STAFF. Colección Ciencias Humanas y Educación |
||
| 980 |
_81 _gALBERTO SANCHEZ Responsable de Automatización |
||